La hora de Dios en el nuevo mundo

Saved in:
Bibliografiske detaljer
Hovedforfatter: Dumont, Jean (Author)
Format: Bog
Sprog:spansk
Udgivet: Madrid Encuentro 2007
Udgivelse:2a. ed
Serier:Ensayos, 318
Fag:
Tags: Tilføj Tag
Ingen Tags, Vær først til at tagge denne postø!

MARC

LEADER 00000nam a2200000 a 4500
001 UCI4034
003 CL-VaPUC
008 071214e20070000SP |||||||||||||||||spa|d
020 |a 9788474908527 
082 0 4 |a 270.098  |b DUM  |2 21 
100 0 |a Dumont, Jean  |e author  |9 525658 
245 1 3 |a La hora de Dios en el nuevo mundo 
250 |a 2a. ed 
300 |a 264 p 
942 |c BK 
945 |d 20071214 00:00:00  |a rbrito 
260 |a Madrid  |b Encuentro  |c 2007 
650 7 |a EVANGELIZACION  |2 CL-VaPUC  |9 525659 
650 0 |a Siglos 16-17  |9 319315 
651 0 |a México  |9 255269 
651 0 |a Perú  |9 256567 
583 |a last modification  |c 20071214 00:00:00  |k Rodrigo Vera 
490 0 |a Ensayos, 318 
999 |c 328036  |d 328034 
952 |0 0  |1 0  |4 0  |6 270_098000000000000_DUM_2007  |7 0  |8 A  |9 411706  |a BIBHIS  |b BIBHIS  |d 2019-11-22  |i 4396642  |o 270.098 DUM 2007  |p 4396642  |r 2025-01-20  |w 2019-11-22  |y BK  |k HIS